000 00948nam a22001697a 4500
005 20260301160739.0
010 _aBACCHHN26
020 _a9789363065314
_c275.00
037 _bलिटिल बर्ड पब्लिकेशन्स
082 _a
_b1
100 _aप्रकाश मनु
_987975
245 _aबाल कहानियाँ का गुलदस्ताः
_bबच्चों को रिझाने वाली मनमोहक कहानियाँ /
_cप्रकाश मनु
260 _aनई दिल्ली
_bलिटिल बर्ड पब्लिकेशन्स
_c2026
270 _a4637/20, शॉप न. -एफ-5 , प्रथम तल, हरि सदन , अंसारी रोड , दरियागंज
_bनई दिल्ली
_e110002
300 _a152पृ.
_c23 सेमी (अजिल्द)
942 _2ddc
_cCH
_h
_mप्रकाश
999 _c215279
_d215279